000 00967ngm a2200205 a 4500
001 161104
003 DCL
005 20251217130410.0
008 110419n --- vleng d
040 _erda
092 _amovie
_bDr. Quinn
245 0 0 _aDr. Quinn, medicine woman: Season one
260 _bDistributred by Newvideo,
_c2009.
264 _aCalifornia :
_bNewvideo,
_c2009.
300 _a5 Videodiscs (840 minutes) ;
_c4 3/4 in.
490 _aDr. Quinn ;
_vSeason 1
520 _aDr. Quinn, Medicine Woman traces the groundbreaking historical drama of Dr. Quinn's epic story, from her first step out of the stagecoach in Colorado Springs through the extraordinary romance between her and Sully, and the expansion of their family. With its tales of courage, conviction, and romance on the American frontier, audiences will be captivated by the gripping, family-friendly stories and painstaking authenticity.
521 _aNot rated.
942 _cDVD
_2ddc
999 _c151985
_d151985